Italia nanu kandante. (Record no. 180186)
[ view plain ]
| 000 -LEADER | |
|---|---|
| fixed length control field | 00628nam a2200217Ia 4500 |
| 003 - CONTROL NUMBER IDENTIFIER | |
| control field | OSt |
| 005 - DATE AND TIME OF LATEST TRANSACTION | |
| control field | 20251211100830.0 |
| 008 - FIXED-LENGTH DATA ELEMENTS--GENERAL INFORMATION | |
| fixed length control field | 210707s1983 xx 000 0 und d |
| 040 ## - CATALOGING SOURCE | |
| Transcribing agency | AL |
| 041 ## - LANGUAGE CODE | |
| Language code of text/sound track or separate title | Kannada |
| 082 ## - DEWEY DECIMAL CLASSIFICATION NUMBER | |
| Classification number | 914.504K HARI |
| 100 ## - MAIN ENTRY--PERSONAL NAME | |
| Personal name | HARIDASA BHATTA (Ku Shi) |
| Dates associated with a name | ಕು. ಶಿ. ಹರಿದಾಸ ಭಟ್ಟ |
| 9 (RLIN) | 248787 |
| 245 ## - TITLE STATEMENT | |
| Title | Italia nanu kandante. |
| Remainder of title | ಇತಾಲಿಯಾ ನಾನು ಕಂಡಂತೆ |
| 260 ## - PUBLICATION, DISTRIBUTION, ETC. | |
| Place of publication, distribution, etc. | Bengaluru |
| Name of publisher, distributor, etc. | Vishva Kannada Sammelana |
| Date of publication, distribution, etc. | 1983 |
| 300 ## - PHYSICAL DESCRIPTION | |
| Extent | iv,227,xxviii p |
| 365 ## - TRADE PRICE | |
| Price amount | 8 |
| Currency code | INR |
| 563 ## - BINDING INFORMATION | |
| Binding note | PB |
| 650 ## - SUBJECT ADDED ENTRY--TOPICAL TERM | |
| Topical term or geographic name entry element | Travel |
| 9 (RLIN) | 248788 |
| 906 ## - LOCAL DATA ELEMENT F, LDF (RLIN) | |
| a | Italy |
| 942 ## - ADDED ENTRY ELEMENTS (KOHA) | |
| Source of classification or shelving scheme | Dewey Decimal Classification |
| Koha item type | Book |
| Withdrawn status | Lost status | Source of classification or shelving scheme | Damaged status | Not for loan | Collection code | Home library | Current library | Shelving location | Date acquired | Cost, normal purchase price | Total Checkouts | Full call number | Barcode | Date last seen | Price effective from | Koha item type |
|---|---|---|---|---|---|---|---|---|---|---|---|---|---|---|---|---|
| Dewey Decimal Classification | Others | St Aloysius Library | St Aloysius Library | Secondary stack section | 12/20/2001 | 8.00 | 914.504K HARI | BB04088 | 07/08/2021 | 07/08/2021 | Book Bank |